Statistics for Daily Country Riddle #23

Click here to take the quiz!

General Stats

  • This quiz has been taken 220 times
  • The average score is 11 of 15

Answer Stats

TypeAnswer% Correct
Found LetterA
99%
Found LetterN
98%
Found LetterI
97%
Found LetterE
94%
Found LetterR
94%
Correctly Placed LetterN
82%
Correctly Placed LetterR
74%
Correctly Placed LetterA
72%
Found LetterU
71%
Found LetterK
57%
Correctly Placed LetterI
55%
Correctly Placed LetterU
54%
Correctly Placed LetterE
51%
Correctly Placed LetterK
51%
Mystery CountryUkraine
51%

Score Distribution

Percentile by Number Answered

Percent of People with Each Score

Your Score History

You have not taken this quiz